Guess The KPOP Idol By Their LIPS - Statistics

General Stats
  • This quiz has been taken 220 times
  • The average score is 7 of 16
Answer Stats
Picture Answer % Correct
Hyunjin
86%
Bangchan
85%
Soobin
83%
Yeonjun
66%
Jimin
63%
Lisa
62%
Eunchae
56%
Mina
40%
Taehyung
38%
Soojin
33%
Miyeon
26%
Minji
15%
Mingi
12%
Sunoo
10%
Winwin
3%
Wonbin
2%
No matching quizzes found
Score Distribution
Percent of People with Each Score
Percentile by Number Answered
Your Score History
You have not taken this quiz